La carrière manager de Christophe Galtier - Statistiques

Statistiques générales
  • Ce quiz a été pris 75 fois
    20 depuis la dernière actualisation
  • Le résultat moyen est 4 sur 8
Statistiques - réponses
Année Club % Correct
2022 - 2023 Paris Saint-Germain
94%
2017 - 2021 LOSC Lille
83%
2021 - 2022 OGC Nice
83%
2009 - 2017 AS Saint-Étienne
78%
2000 Olympique de Marseille
33%
2025 Neom SC
17%
2023 - 2025 Al-Duhail
6%
2004 SC Bastia
0%
Aucun quiz correspondant
Distribution des résultats
% des personnes avec chaque résultat
Percentile par nombre de réponses
Votre historique - résultats
Vous n’avez pas pris ce quiz depuis la dernière actualisation